ORTAOKUL (Record no. 644911)

MARC details
000 -LEADER
sabit uzunluktaki kontrol alanı 00222nam a2200097Ia 4500
001 - KONTROL NUMARASI
kontrol alanı 644911
005 - EN SON İŞLEMİN TARİH VE ZAMANI
kontrol alanı 20250826153613.0
008 - SABİT-UZUNLUKTA VERİ ÖĞELERİ--GENEL BİLGİ
sabit uzunluktaki kontrol alanı 250824s9999 xx 000 0 und d
245 #0 - ESER / YAZAR
ESER ADI ORTAOKUL
Yazar Adı JAMES PATTERSON
260 ## - YAYIN, DAĞITIM, VB.
YAYIN EVİ ALTIN
Holdings
Düşüm durumu Kayıp durumu Hasar Durumu Ödünç verilmez Ana kütüphane Geçerli Kütüphane Edinilen tarih Toplam ödünç verme sayısı Barkod Son görüntüleme tarihi Son ödünç verme tarihi Fiyatın geçerli olmaya başladığı tarih Koha materyal türü
        MUSTAFA BÜYÜKKAPLAN İMAM HATİP ORTAOKULU (ERKEK) MUSTAFA BÜYÜKKAPLAN İMAM HATİP ORTAOKULU (ERKEK) 24.08.2025 1 100512 16.02.2026 12.02.2026 26.08.2025 Books